| 000 | 00358nam a22001457a 4500 | ||
|---|---|---|---|
| 003 | OSt | ||
| 020 | _a0198080999 | ||
| 040 |
_c0 _d0 |
||
| 082 |
_222 _a658.4038 |
||
| 100 | _aJoshi, Girdhar, | ||
| 245 | _aManagement information systems / | ||
| 260 |
_aNew Delhi, _bOxford University Press, _cc2013. |
||
| 300 |
_axx, 503 p. ; _bill. ; _c24 cm. |
||
| 942 |
_2ddc _cMAG |
||
| 999 |
_c5057 _d5057 |
||